Mountain weather : backcountry forecasting and weather safety for hikers, campers, paddlers, skiers, snowboarders /

Bibliographic Details
Main Author: Renner, Jeff
Format: Book
Language:English
Published: Seattle : Mountaineers Books, 2005.
Edition:1st ed.
Subjects:
Online Access:Table of contents

MARC

Tag First Indicator Second Indicator Subfields
LEADER 00000cam a22000004a 4500
001 in00002061621
005 20151102050636.0
008 041209s2005 waua bf 001 0 eng
010 |a  2004029274 
020 |a 089886819X 
035 |a (OCoLC)ocm57250975 
040 |a DLC  |c DLC  |d VP@  |d OCL  |d UtOrBLW 
042 |a pcc 
049 |a TXAM 
050 0 0 |a QC993.6  |b .R46 2005 
082 0 0 |a 551.6914/3  |2 22 
100 1 |a Renner, Jeff. 
245 1 0 |a Mountain weather :  |b backcountry forecasting and weather safety for hikers, campers, paddlers, skiers, snowboarders /  |c Jeff Renner. 
250 |a 1st ed. 
264 1 |a Seattle :  |b Mountaineers Books,  |c 2005. 
300 |a 307 pages :  |b illustrations ;  |c 22 cm. 
336 |a text  |b txt  |2 rdacontent 
337 |a unmediated  |b n  |2 rdamedia 
338 |a volume  |b nc  |2 rdacarrier 
504 |a Includes bibliographical references (pages 303-305) and index. 
650 0 |a Mountain climate  |v Handbooks, manuals, etc. 
650 0 |a Outdoor recreation  |x Safety measures  |v Handbooks, manuals, etc. 
856 4 1 |3 Table of contents  |u http://www.loc.gov/catdir/toc/ecip054/2004029274.html  |t 0 
945 |i PromptCat 
947 |a A14832666685 
994 |a 92  |b TXA 
948 |a cataloged  |b h  |c 2005/8/4  |d c  |e rbarron  |f 3:07:59 pm 
999 |a MARS 
999 f f |s a1a8b0a1-2792-32b3-9dec-65abc2e1f91f  |i 4ee32504-66e3-3c9d-9a06-2bf2c2e15b9b  |t 0 
952 f f |p ric  |a Texas A&M University  |b Rellis Campus  |c Joint Library Facility  |d Remote Storage  |t 0  |e QC993.6 .R46 2005  |h Library of Congress classification  |i unmediated -- volume  |m A14832666685 
998 f f |a QC993.6 .R46 2005  |t 0  |l Remote Storage